书目信息 |
| 题名: |
法家第一课
|
|
| 作者: | 高路 著 | |
| 分册: | ||
| 出版信息: | 北京 中国国际广播出版社 2017.10 |
|
| 页数: | 247页 | |
| 开本: | 23cm | |
| 丛书名: | “中华优秀传统文化是什么”系列 | |
| 单 册: | ||
| 中图分类: | B226.02 | |
| 科图分类: | ||
| 主题词: | 法家--通俗读物 | |
| 电子资源: | ||
| ISBN: | 978-7-5078-4055-1 | |
| 000 | 00833oam2 2200265 450 | |
| 001 | 0120172327405 | |
| 005 | 20180906091020.87 | |
| 010 | @a978-7-5078-4055-1@dCNY36.00 | |
| 100 | @a20171103d2017 em y0chiy50 ea | |
| 101 | 0 | @achi |
| 102 | @aCN@b110000 | |
| 105 | @ay z 000yy | |
| 106 | @ar | |
| 200 | 1 | @a法家第一课@9fa jia di yi ke@f高路著 |
| 210 | @a北京@c中国国际广播出版社@d2017.10 | |
| 215 | @a247页@d23cm | |
| 225 | 2 | @a“中华优秀传统文化是什么”系列 |
| 330 | @a本书主要内容包括:法家概略、法家人物小传、目标:富国强兵、人性恶、合格的君主、君主眼中的臣民、法治与赏罚等。 | |
| 333 | @a法家研究人员 | |
| 461 | 0 | @12001 @a“中华优秀传统文化是什么”系列 |
| 606 | 0 | @a法家@j通俗读物 |
| 690 | @aB226.02@v5 | |
| 701 | 0 | @a高路@9gao lu@4著 |
| 801 | 0 | @aCN@b人天书店@c20171103 |
| 905 | @b1086602-06@dB226.02@e796@f5 | |
| 法家第一课/高路著.-北京:中国国际广播出版社,2017.10 |
| 247页;23cm.-(“中华优秀传统文化是什么”系列) |
| 使用对象:法家研究人员 |
| ISBN 978-7-5078-4055-1:CNY36.00 |
| 本书主要内容包括:法家概略、法家人物小传、目标:富国强兵、人性恶、合格的君主、君主眼中的臣民、法治与赏罚等。 |
| ● |
| 相关链接 |
|
|
|
|
正题名:法家第一课
索取号:B226.02/796
 
预约/预借
| 序号 | 登录号 | 条形码 | 馆藏地/架位号 | 状态 | 备注 |
| 1 | 1086602 | 210866026 | 第一样本阅览室/ [索取号:B226.02/796] | 在馆 | |
| 2 | 1086603 | 210866035 | 教育系资料室/ [索取号:B226.02/796] | 在馆 | |
| 3 | 1086604 | 210866044 | 教育系资料室/ [索取号:B226.02/796] | 在馆 | |
| 4 | 1086605 | 210866053 | 第一借阅区/ [索取号:B226.02/796] | 在馆 | |
| 5 | 1086606 | 210866062 | 第一借阅区/ [索取号:B226.02/796] | 在馆 |